02308nam a2200301 i 450000100060000000300100000600500170001600700030003300800410003604000240007704100080010108200330010908400130014210000410015524501010019625000220029726000090031926400650032826400110039330000490040433600270045333700330048033800280051350513080054194200150184995201250186499900170198916081DO-SdUEMH20251128172840.0ta211105s1994||||dr |||gr|||||||1 | spa d aDO-SdUEMHbspaerda aspa14aRD 972.93053 G216GbG216mRD b08-00954 aGARCiA, JOSE GABRIEL, 1834-1910eaut aGuerra de la separación dominicana: bdocumentos para su historia /cGarcía, José Gabriel. aSegunda edición c1994 1aSanto Domingo, República Dominicana :bAlfa & Omega,c1994 4c©1994 a143 páginas :bsin ilustraciones ;c22 cm. 2rdacontentatextobtxt 2rdamediaasin mediaciónbn 2rdacarrieravolumenbnc 2aCapítulo I: Preliminares (Pronunciamiento de la Puerta del Conde, Capitulación y Protesta) -- Capítulo II: Primera Campaña (Acciones de la Fuente del Rodeo, Las cabezas de las Marías y Azua, Abandono de esta población, Sus consecuencias, Talanquera y Santiago, Sus resultados, Guayubín, Tortuguero, Retirada del ejército haitiano, Ocupación de Azua, Neiva, San Juan y Las Matas, Primer ataque de Caciman) -- Capítulo III: Segunda Campaña (Comendador, Segundo ataque de Caciman, Primero de El Puerto, Las Cahobas, Hondovalle, Los Pinos, El Oreganal, Tercer ataque de Caciman, Estrelleta, Beler, Maluís o La Posa del Diablo) -- Capítulo IV: Tercera Campaña (Rumores de invasión, Preparativos, Acontecimientos de Las Matas, Progreso de invasión, Pérdida de Azua, El Número 1, Las Charcas, Sus consecuencias, Guerra ofensiva, Operaciones marítimas) -- Capítulo V: La Tregua (El Callejón y Postrer Río, Operaciones sobre las fronteras del Norte, Otros incidentes, Actitud patriótica del gobierno) -- Capítulo VI: Cuarta Campaña (Preparativos para la resistencia, Rompimiento de las hostilidades, San José, Samaná, Cambonal, Sabana Larga, Caciman y El Número 2) -- Capítulo VII: Apéndice (Versiones haitianas respecto a los incidentes de la guerra). 2ddccBKn0 00102ddc4070aUNIREMSEDEbUNIREMSEDEcRDd2025-11-28e2l0oRDpUNIREMHOS-SED765r2021-11-05 00:00:00w2021-11-05yBK c16081d16081